| 000 | 00596nam a2200205 4500 | ||
|---|---|---|---|
| 003 | OSt | ||
| 005 | 20240709032450.0 | ||
| 006 | a | ||
| 008 | 240709b |||||||| |||| 00| 0 eng d | ||
| 020 | _a0131982621 | ||
| 040 |
_aDWCL-Main lib. _cOC |
||
| 082 | _aCirc. 658.8 M346 2006 | ||
| 110 | _aPhilip Kotler | ||
| 245 | _aMarketing management : an Asian perspective / | ||
| 260 |
_aSingapore : _bPearson Education South Asia Pte Ltd., _cc2006. |
||
| 300 |
_axxxiii, _b830 p. : col. ill. ; _c27 cm. |
||
| 504 | _aIncludes index. | ||
| 650 | _a1. Marketing. | ||
| 942 |
_2ddc _n0 _cBK-CIRC _kCirc. |
||
| 999 |
_c2140 _d2140 |
||